00267nam a2200121Ia 4500008004100000100001600041245001700057260002600074300000800100650001300108942000700121999001700128190216s9999||||xx |||||||||||||| ||und|| aShathrugnan 0aPapathikalam bPoorna Pubs Kozhikode a152 aKathakal cBK c28148d28148